GATT revenue provisions : law and explanation, as enacted in the Uruguay Round Agreements Act.

Bibliographic Details
Corporate Authors: Commerce Clearing House, Uruguay Round
Format: Conference Proceeding Book
Language:English
Published: Chicago : CCH, [1994]
Series:CCH special ; 3.
Subjects:

MARC

Tag First Indicator Second Indicator Subfields
LEADER 00000cam a2200000 a 4500
001 in00001403829
005 20151020053200.0
008 941219s1994 ilu l 001 0 eng d
010 |a  95122388  
035 |a (OCoLC)31715922 
035 |9 AHM7305AM 
040 |a NRAL  |c DLC  |d TXA  |d UtOrBLW 
042 |a lccopycat 
043 |a n-us--- 
049 |a TXAM 
050 0 0 |a KF6276.566  |b .G38 1994 
082 0 0 |a 343.7304  |a 347.3034  |2 20 
245 0 0 |a GATT revenue provisions :  |b law and explanation, as enacted in the Uruguay Round Agreements Act. 
264 1 |a Chicago :  |b CCH,  |c [1994] 
264 4 |c ©1994 
300 |a 136 pages ;  |c 23 cm. 
336 |a text  |b txt  |2 rdacontent 
337 |a unmediated  |b n  |2 rdamedia 
338 |a volume  |b nc  |2 rdacarrier 
490 1 |a CCH special ;  |v 3 
500 |a "Standard federal tax reports, report 52, December 12, 1994"--P. [1] of cover. 
500 |a "Signed by the President on Dec. 8, 1994." 
500 |a Includes index. 
650 0 |a Taxation  |x Law and legislation  |z United States. 
610 1 0 |a United States.  |t Uruguay Round Agreements Act. 
710 2 |a Commerce Clearing House. 
711 2 |a Uruguay Round  |d (1987-1994) 
830 0 |a CCH special ;  |v 3. 
999 |a MARS 
999 f f |s 68b3507f-c72b-3c57-8bcb-2b82d8e6e968  |i 163ac2ac-a5d7-3e20-b8be-3a81ab92053f  |t 0 
952 f f |p ric  |a Texas A&M University  |b Rellis Campus  |c Joint Library Facility  |d Remote Storage  |t 0  |e KF6276.566 .G38 1994  |h Library of Congress classification  |i unmediated -- volume  |m A14822020845 
998 f f |a KF6276.566 .G38 1994  |t 0  |l Remote Storage